| 000 | 00765nam a2200277 a 4500 | ||
|---|---|---|---|
| 001 | vtls001528781 | ||
| 003 | NLI | ||
| 005 | 20210627144831.0 | ||
| 008 | 121212s1951 nyu 001 0 eng | ||
| 039 | 9 |
_y201212121618 _zVLOAD |
|
| 040 | 0 |
_aNLI _beng _cXData_1 _eAACR2 |
|
| 041 | 0 | _aeng | |
| 044 | _anyu | ||
| 082 | _a1501543 | ||
| 100 | 1 |
_aGarrett, Henry E. _9758505 |
|
| 245 | 1 | 0 |
_aGreat experiments in psychology / _cHenry E. Garrett |
| 260 |
_aNew York : _bAppleton-Century-Crofts, _c1951 |
||
| 300 |
_a358 p. ; _c22 cm. |
||
| 500 | _aIncludes index | ||
| 650 | 0 |
_aPsychology _9683737 |
|
| 887 | _a | ||
| 901 |
_aIMP300012 _b20.07.1954 |
||
| 902 | _a150 B 1543 | ||
| 949 |
_AVIRTUAITEM _D10000 _X100 _6IMP000300012ENG |
||
| 942 |
_2ddc _cBKS |
||
| 999 |
_aVIRTUA40 _c977973 _d977973 |
||